Shrimp farming development in Asia

保存先:
書誌詳細
フォーマット: 図書
言語:Undetermined
出版事項: Bangkok, Thailand FAO 1988
主題:
タグ: タグ追加
タグなし, このレコードへの初めてのタグを付けませんか!
Thư viện lưu trữ: Trung tâm Học liệu Trường Đại học Cần Thơ
LEADER 00443nam a2200157Ia 4500
001 CTU_150678
008 210402s9999 xx 000 0 und d
082 |a 639.63 
082 |b S561 
245 0 |a Shrimp farming development in Asia 
260 |a Bangkok, Thailand 
260 |b FAO 
260 |c 1988 
650 |a Aquaculture,Nuôi trồng thủy sản 
904 |i Trọng Hải 
980 |a Trung tâm Học liệu Trường Đại học Cần Thơ